Countries Closest to Miami - Statistics

General Stats
  • This quiz has been taken 46 times
  • The average score is 18 of 20
Answer Stats
Distance (km) Distance (mi) Country % Correct
286 178 Cuba
100%
822 511 Mexico
100%
0 0 United States
100%
89 55 Bahamas
97%
956 594 Haiti
97%
835 519 Jamaica
97%
1,683 1,046 Costa Rica
93%
1,075 668 Dominican Republic
93%
1,786 1,110 Panama
93%
1,954 1,214 France / Saint-Martin
90%
1,278 794 Guatemala
90%
1,002 622 Honduras / Swan Islands
90%
1,154 717 Belize
87%
1,535 954 El Salvador
87%
1,231 765 Nicaragua
87%
2,017 1,254 Saint Kitts and Nevis
87%
668 415 United Kingdom / Cayman Islands
87%
1,787 1,110 Venezuela
83%
1,098 682 Colombia / San Andres and Providencia
80%
1,802 1,120 Netherlands / Aruba
80%
No matching quizzes found
Score Distribution
Percent of People with Each Score
Percentile by Number Answered
Your Score History
You have not taken this quiz